000 01532naa a22003737a 4500
001 BR8500984
003 BR-BrBNA
005 20240918175531.0
007 ta
008 230509b bl.||||| |||| 00| 0 por d
040 _aBR-BrBNA
_bpor
_cBiblioteca Nacional de Agricultura
041 _a(Pt)
072 _aF30
_b1030
_b1050
_b1060
_bG514
090 _aF30 BR8500984
100 1 _aKoller, O.L.
100 1 _aLichtemberg, L.A.
111 1 _a7. Congresso Brasileiro de Fruticultura
_cFlorianopolis, SC (Brazil)
_d26-30 Sep 1983
245 1 _aAvaliacao de porta-enxertos para limao siciliano em Santa Catarina [Citrus limon, tangerina, Citrus reticulata, laranja, Citrus sinensis, rendimento, Brasil]
246 1 _aEvaluation of rootstocks for sicilian lemon in Santa Catarina [Citrus limon, tangerine, Citrus reticulata, orange, Citrus sinensis, yield, Brazil]
246 1 _a[Proceedings of the 7. Brazilian Congress on Fruit Crops]
260 3 _aFlorianopolis, SC (Brasil):
_c1984.
500 _aAnais do 7. Congresso Brasileiro de Fruticultura Florianopolis, SC (Brasil): 1984. v. 2 p. 672-682 (BR8500984-AM)F30
650 _aLIMAO
650 _aLIMAO RUGOSO
650 _aTANGERINA
650 _aLARANJA
650 _aVARIEDADE
650 _aPORTA ENXERTO
650 _aRENDIMENTO
650 _aSANTA CATARINA
773 0 _tAnais do 7. Congresso Brasileiro de Fruticultura
_wF30 BR8500984
_gFlorianopolis, SC (Brasil), 1984. v. 2 p. 672-682
909 _a202404
_bLucia
_c55
_dLucia Elande
942 _cAM
_2AGRIS
999 _c317149
_d317149